Normal view
MARC view
- España
Entry Nombre Geográfico
001 - NÚMERO DE CONTROL
- campo de control: 16330
003 - IDENTIFICADOR DE NUMERO DE CONTROL
- campo de control: UPN
005 - FECHA Y HORA DE LA ÜLTIMA TRANSACCIÓN
- campo de control: 20220902231532.0
008 - DATOS DE LONGITUD FIJA
- campo de control de longitud fija: 220902nn acannaabn n ana d
035 ## - NÚMERO DE CONTROL
- Número de control: UPN10000016338
040 ## - FUENTE DE CATALOGACIÓN
- Lenguaje de catalogación: SPA
- Agencia de transcripción: UPN
- Agencia de catalogación original: UPN
151 ## - ENCABEZAMIENTO - NOMBRE GEOGRÁFICO
- Nombre geográfico: España
- Subdivisión general : Historia
- Subdivisión de forma: Novela
670 ## - FUENTE EN LA QUE SE LOCALIZARON DATOS
- Cita de la fuente: LC
- Información localizada: Spain - History - Fiction
902 ## - CATALOGADOR
- Catalogador: MITM/200910
